Ils sont nés un 28 juin - Statistiques

Statistiques générales
  • Ce quiz a été pris 33 fois
  • Le résultat moyen est 4 sur 10
Statistiques - réponses
Réponse % Correct
Fabien Barthez
97%
Cali
56%
Georges Wolinski
47%
Anny Duperey
44%
Félix Gray
31%
Pierre Salviac
31%
Paul-Emile Victor
22%
John Cusack
16%
Kathy Bates
16%
Mel Brooks
16%
Aucun quiz correspondant
Distribution des résultats
% des personnes avec chaque résultat
Percentile par nombre de réponses
Votre historique - résultats
Vous n’avez pas pris ce quiz